000 01502cam a2200133 4500500
005 20251214004407.0
041 _afre
042 _adc
100 1 0 _aTrochet, Jean-René
_eauthor
245 0 0 _aLes Romains après Rome : Sociétés, territoires, identités Ve-XVe siècle
260 _bArmand Colin,
_c2022.
520 _aLa disparition de l’Empire romain d’Occident en 476 ne signe pas la disparition des Romains. Plusieurs siècles auparavant, une dissociation s’était déjà affirmée entre les Romains occidentaux et orientaux. Après 476, celle-ci s’approfondit avec la disparition progressive des premiers, tandis que les seconds parviennent à se maintenir en dépit des difficultés liées aux invasions de la fin de l’Antiquité et du Haut Moyen Âge. Se dessinent alors deux grandes catégories de Romains orientaux : les Rumani et Arumani latinophones des Balkans – nommés le plus souvent Valaques – et les Romaioi hellénophones de l’Empire byzantin. Malgré des différences importantes entre les deux communautés, la langue (romane ou grecque), la religion et le droit constituent des éléments clés de leurs identités respectives. À l’opposé, l’effacement de l’identité romaine en Occident dès le Haut Moyen Âge laissera place à la Renaissance aux Romains essentialisés ou métaphorisés de la philosophie politique occidentale.
856 4 1 _uhttps://shs.cairn.info/les-romains-apres-rome--9782200634520?lang=fr&redirect-ssocas=7080
999 _c1568514
_d1568514